000 00291nam a22001337a 4500
008 170906b xxu||||| |||| 00| 0 eng d
020 _a9780983507307
041 _aeng
080 _a72
100 _a41
101 _aARK
245 _aTHE RIVER CITIES PROJECT
_cOVINK, H
942 _2udc
_cBK
999 _c26234
_d26234